[Event "Excelsior February op"]
[Site "Toronto CAN"]
[Date "2023.02.05"]
[Round "4.10"]
[White "Oancea, Nicolae"]
[Black "Brajkovic, Nikola"]
[Result "1-0"]
[WhiteElo "2069"]
[BlackElo "1919"]
[PlyCount "91"]
[EventDate "2023.02.03"]
[EventType "swiss"]
[EventRounds "5"]
[EventCountry "CAN"]

1. e4 d6 2. d4 g6 3. Nf3 Bg7 4. h3 Nd7 5. Be3 c6 6. Bd3 Ngf6 7. Nbd2 Qc7 8. O-O
O-O 9. Re1 e5 10. c3 b6 11. Nf1 Bb7 12. N3d2 d5 13. f3 Rad8 14. Qe2 c5 15. Rac1
Qd6 16. Bb5 Rfe8 17. Bg5 dxe4 18. dxe5 Qxe5 19. Bxf6 Nxf6 20. Bxe8 Rxe8 21.
fxe4 Nxe4 22. Nxe4 Bxe4 23. Nd2 f5 24. Rcd1 Bf8 25. Nxe4 fxe4 26. Qc4+ Kh8 27.
Qf7 Qe7 28. Rd7 Qxf7 29. Rxf7 a5 30. Kf1 c4 31. Rd1 e3 32. Ke2 Kg8 33. Rfd7 Be7
34. R1d4 Bg5 35. h4 Bf6 36. Rg4 b5 37. Rf4 Re6 38. Rf3 b4 39. Rxe3 Rxe3+ 40.
Kxe3 bxc3 41. bxc3 Bxc3 42. g4 Be1 43. h5 gxh5 44. gxh5 h6 45. a4 Bg3 46. Ke4
1-0

[Event "Excelsior February op"]
[Site "Toronto CAN"]
[Date "2023.02.05"]
[Round "4.11"]
[White "Zhong, Ryan Yunhui"]
[Black "D'Souza, Carina"]
[Result "0-1"]
[WhiteElo "2032"]
[BlackElo "1915"]
[PlyCount "176"]
[EventDate "2023.02.03"]
[EventType "swiss"]
[EventRounds "5"]
[EventCountry "CAN"]

1. e4 c5 2. Nf3 d6 3. Bb5+ Bd7 4. Bxd7+ Qxd7 5. O-O Nf6 6. Re1 Nc6 7. c3 e6 8.
d4 cxd4 9. cxd4 d5 10. e5 Ne4 11. Nbd2 Nxd2 12. Bxd2 Bb4 13. Bxb4 Nxb4 14. a3
Nc6 15. Qd3 h6 16. Rac1 Rc8 17. Nd2 O-O 18. Nb3 b6 19. f4 Ne7 20. Kh1 Rxc1 21.
Nxc1 f5 22. Ne2 Nc6 23. Rg1 Na5 24. g4 fxg4 25. Rxg4 Qf7 26. Ng3 Nc6 27. Qd2
Ne7 28. Qg2 Kh8 29. Qh3 Nf5 30. Nh5 Rg8 31. Rg1 Nxd4 32. Rd1 Nf5 33. Ng3 Nxg3+
34. hxg3 Rc8 35. Rf1 Qf5 36. Qxf5 exf5 37. Rd1 Rd8 38. Rd4 Kg8 39. Kg2 Kf7 40.
Kf2 Ke6 41. Ke3 Rc8 42. Kd2 g5 43. b3 h5 44. fxg5 Rg8 45. Ra4 Rg7 46. Ke3 Kxe5
47. Ke2 d4 48. g6 a5 49. b4 axb4 50. axb4 Rxg6 51. Ra8 Rxg3 52. Rh8 Rb3 53.
Rxh5 Rxb4 54. Rh8 Rb5 55. Re8+ Kd5 56. Rf8 Kc4 57. Kd2 Rb2+ 58. Kc1 Rb5 59. Kd2
Re5 60. Rc8+ Rc5 61. Rf8 b5 62. Rh8 b4 63. Kc2 b3+ 64. Kb2 f4 65. Rf8 Kd3 66.
Rxf4 Ke3 67. Rh4 Rc3 68. Rh3+ Kd2 69. Rh2+ Kd3 70. Rh8 Rc7 71. Kxb3 Rb7+ 72.
Ka2 Kc3 73. Rc8+ Kd2 74. Rh8 d3 75. Re8 Kc2 76. Rc8+ Kd1 77. Re8 d2 78. Ka3 Rc7
79. Kb2 Ra7 80. Re3 Rb7+ 81. Ka3 Rb8 82. Re7 Rb5 83. Ka2 Kc2 84. Rc7+ Kd3 85.
Rd7+ Kc3 86. Ka1 Rb4 87. Ka2 Rd4 88. Rc7+ Kd3 0-1

[Event "Excelsior February op"]
[Site "Toronto CAN"]
[Date "2023.02.05"]
[Round "4.12"]
[White "Moses, Neil"]
[Black "Deepak, Laksshana"]
[Result "1/2-1/2"]
[WhiteElo "1983"]
[BlackElo "1638"]
[PlyCount "139"]
[EventDate "2023.02.03"]
[EventType "swiss"]
[EventRounds "5"]
[EventCountry "CAN"]

1. Nf3 Nf6 2. g3 g6 3. Bg2 Bg7 4. c4 O-O 5. d4 Re8 6. O-O c6 7. d5 cxd5 8. cxd5
d6 9. Nc3 Nbd7 10. e4 Nc5 11. Nd4 Nfd7 12. Be3 Ne5 13. b4 Na6 14. Rb1 Bg4 15.
f3 Nc4 16. Bf2 Bd7 17. Qe2 Rc8 18. Rfc1 Bh6 19. f4 Bg7 20. Ncb5 Bxd4 21. Nxd4
Nb6 22. e5 e6 23. dxe6 Bxe6 24. Nxe6 Rxe6 25. Bxb7 Rxc1+ 26. Rxc1 Nxb4 27. Qb5
Re7 28. Bf3 Nxa2 29. Rc2 dxe5 30. fxe5 Qb8 31. Rxa2 Rxe5 32. Qb3 Qc7 33. Rc2
Qd8 34. Qc3 Re6 35. Kg2 Rd6 36. Qa5 Rd7 37. Rc6 Rd2 38. Qe5 Nd7 39. Qf4 Ra2 40.
Rd6 Qe7 41. Qd4 Nf8 42. Rd8 h6 43. Bc6 Qc7 44. Bd5 Rc2 45. Ra8 Qb6 46. Qf4 Qc7
47. Qe4 Qd6 48. Qf3 Rc7 49. Rxa7 Rxa7 50. Bxa7 Qd7 51. Be3 Kg7 52. Bd4+ Kg8 53.
Qe4 Qc7 54. Qe5 Qxe5 55. Bxe5 Nd7 56. Bd6 Kg7 57. Bc6 Nf6 58. Be5 g5 59. Be4 h5
60. h4 gxh4 61. gxh4 Kh6 62. Kf3 Nd7 63. Kf4 Nxe5 64. Kxe5 Kg7 65. Kf5 Kh8 66.
Kf6 Kg8 67. Bd5 Kh8 68. Bxf7 Kh7 69. Bxh5 Kh8 70. Bf7 1/2-1/2

[Event "Excelsior February op"]
[Site "Toronto CAN"]
[Date "2023.02.05"]
[Round "4.13"]
[White "Qian, Ashley"]
[Black "Zhong, April"]
[Result "0-1"]
[WhiteElo "1817"]
[BlackElo "1666"]
[PlyCount "70"]
[EventDate "2023.02.03"]
[EventType "swiss"]
[EventRounds "5"]
[EventCountry "CAN"]

1. e4 e6 2. d4 d5 3. Nd2 c5 4. exd5 Qxd5 5. Ngf3 cxd4 6. Bc4 Qd6 7. O-O Nf6 8.
Nb3 Nc6 9. Nbxd4 Nxd4 10. Nxd4 Be7 11. Re1 O-O 12. c3 Qc7 13. Bb3 Bd7 14. Bg5
Rfe8 15. Qf3 a5 16. Rad1 a4 17. Bc2 Ra5 18. Bh4 Rc5 19. Qd3 g6 20. Qf3 Kg7 21.
Bg3 e5 22. Qe2 Bd6 23. Nf3 Bc6 24. Ng5 Nh5 25. Ne4 Nxg3 26. hxg3 Bxe4 27. Bxe4
a3 28. Bb1 axb2 29. Qxb2 Be7 30. Rd3 Bf6 31. f3 Rc8 32. Rc1 b5 33. Kh2 Qb6 34.
Qb4 e4 35. Qxe4 Rh5+ 0-1

[Event "Excelsior February op"]
[Site "Toronto CAN"]
[Date "2023.02.05"]
[Round "4.14"]
[White "Sreekumar, Gauri"]
[Black "Engel, Ethan"]
[Result "1/2-1/2"]
[WhiteElo "1598"]
[BlackElo "1725"]
[PlyCount "90"]
[EventDate "2023.02.03"]
[EventType "swiss"]
[EventRounds "5"]
[EventCountry "CAN"]

1. d4 Nf6 2. c4 e6 3. Nf3 d5 4. g3 c6 5. Bg2 Bd6 6. O-O O-O 7. b3 Nbd7 8. Nc3
dxc4 9. bxc4 Qa5 10. Qc2 e5 11. e3 Rd8 12. Rd1 exd4 13. exd4 Bb4 14. Bd2 Nb6
15. a3 Bf5 16. Qb3 Bxc3 17. Bxc3 Qa4 18. Qxa4 Nxa4 19. Rac1 Re8 20. Ne5 Ne4 21.
Bxe4 Bxe4 22. f3 Bf5 23. g4 Be6 24. d5 Nxc3 25. Rxc3 Rad8 26. Rcd3 cxd5 27.
cxd5 Bc8 28. Nc4 b6 29. d6 Ba6 30. d7 Re7 31. Rd4 f6 32. Nb2 Kf7 33. a4 Bb7 34.
Kf2 Re6 35. Nc4 Ke7 36. Nd6 Bc6 37. Nc8+ Kf8 38. Nxa7 Bb7 39. h4 h6 40. R1d2
Ke7 41. Rd1 Re5 42. Rd6 Re6 43. R6d4 Ba6 44. R1d2 Bb7 45. Rd1 Re5 1/2-1/2

[Event "Excelsior February op"]
[Site "Toronto CAN"]
[Date "2023.02.05"]
[Round "5.1"]
[White "Sambuev, Bator"]
[Black "Ajith, Aayush"]
[Result "1-0"]
[WhiteElo "2487"]
[BlackElo "2076"]
[PlyCount "93"]
[EventDate "2023.02.03"]
[EventType "swiss"]
[EventRounds "5"]
[EventCountry "CAN"]

1. d4 Nf6 2. Nf3 e6 3. e3 d5 4. Bd3 c5 5. b3 Nc6 6. O-O Bd6 7. Bb2 O-O 8. a3 b6
9. Nbd2 Bb7 10. Qe2 Re8 11. Ne5 Ne7 12. f4 Nf5 13. g4 Nh4 14. dxc5 Bxc5 15. b4
Bd6 16. g5 Bxe5 17. Bxe5 Ne4 18. Nxe4 dxe4 19. Bb5 Nf3+ 20. Kh1 Qd2 21. Qxd2
Nxd2 22. Rfd1 Red8 23. Bc7 Rdc8 24. Rxd2 Rxc7 25. Rad1 g6 26. Rd7 Rac8 27. c4
a6 28. Rxc7 Rxc7 29. Rd7 Rxd7 30. Bxd7 Kf8 31. Kg2 Ke7 32. Ba4 f6 33. h4 f5 34.
Kg3 Bc8 35. h5 Bd7 36. Bd1 Kd6 37. h6 a5 38. Bb3 axb4 39. axb4 Ke7 40. Kf2 e5
41. fxe5 Be6 42. b5 Bf7 43. Ke1 Be8 44. c5 bxc5 45. b6 Kd8 46. Bd5 Bb5 47. Bf7
1-0

[Event "Excelsior February op"]
[Site "Toronto CAN"]
[Date "2023.02.05"]
[Round "5.3"]
[White "Rusonik, Max"]
[Black "Reprintsev, Alexander"]
[Result "1/2-1/2"]
[WhiteElo "2312"]
[BlackElo "2407"]
[PlyCount "119"]
[EventDate "2023.02.03"]
[EventType "swiss"]
[EventRounds "5"]
[EventCountry "CAN"]

1. e4 d5 2. exd5 Nf6 3. Nf3 Qxd5 4. Nc3 Qh5 5. Be2 e5 6. d4 exd4 7. Nxd4 Bg4 8.
Bxg4 Qxg4 9. O-O Qxd1 10. Rxd1 Bb4 11. Ncb5 Na6 12. c3 Bc5 13. Re1+ Kd7 14. Nb3
Rhe8 15. Nxc5+ Nxc5 16. Be3 b6 17. Rad1+ Kc6 18. Nd4+ Kb7 19. Nf5 Ne6 20. f3
Rad8 21. Kf2 a5 22. h4 a4 23. Bg5 Rxd1 24. Rxd1 Ng8 25. Rd7 g6 26. Nd4 Nxg5 27.
hxg5 Ne7 28. Nc2 b5 29. c4 Kc8 30. Rd1 bxc4 31. Rd4 Rd8 32. Rxd8+ Kxd8 33. Ke3
c3 34. bxc3 Nd5+ 35. Kd4 Nf4 36. Ne3 Ne6+ 37. Ke5 Nxg5 38. Kf6 h6 39. Nc4 Ke8
40. Nb2 a3 41. Nc4 Ne6 42. Nxa3 Nf4 43. Nb5 Nxg2 44. a4 Kd7 45. a5 h5 46. a6
Kc8 47. a7 Kb7 48. a8=Q+ Kxa8 49. Nxc7+ Kb7 50. Nb5 h4 51. Nd6+ Kc6 52. Nxf7 h3
53. Ne5+ Kd5 54. Ng4 Nh4 55. c4+ Kxc4 56. f4 Kd4 57. Kg5 Ng2 58. Kxg6 Ke4 59.
Nf2+ Kxf4 60. Nxh3+ 1/2-1/2

[Event "Excelsior February op"]
[Site "Toronto CAN"]
[Date "2023.02.05"]
[Round "5.4"]
[White "Chen, Max"]
[Black "Jaferian, Koosha"]
[Result "1/2-1/2"]
[WhiteElo "2378"]
[BlackElo "2359"]
[PlyCount "90"]
[EventDate "2023.02.03"]
[EventType "swiss"]
[EventRounds "5"]
[EventCountry "CAN"]

1. e4 c6 2. Nf3 d5 3. Nc3 Bg4 4. h3 Bxf3 5. Qxf3 e6 6. Be2 Bc5 7. O-O Nd7 8.
Rd1 d4 9. Nb1 Ne7 10. c3 a5 11. cxd4 Bxd4 12. Na3 Ne5 13. Qg3 N5g6 14. Nc2 Be5
15. Qb3 Qc7 16. d4 Bf4 17. Be3 O-O 18. a4 Rfd8 19. Rac1 Bxe3 20. Nxe3 Qf4 21.
Qc2 Rd7 22. g3 Qd6 23. Nc4 Qc7 24. Qb3 Rad8 25. Qc3 Ra8 26. Bf3 b5 27. Ne3 Qb6
28. d5 cxd5 29. exd5 Rc8 30. Qb3 Rxc1 31. Rxc1 Ne5 32. Bg2 exd5 33. Nxd5 Nxd5
34. Bxd5 g6 35. axb5 a4 36. Qa2 Nd3 37. Rc2 Nb4 38. Rc8+ Kg7 39. Qa3 Rxd5 40.
Qxb4 Qxb5 41. Qf8+ Kf6 42. Qh8+ Ke7 43. Rc7+ Rd7 44. Rc3 Rd1+ 45. Kh2 Rh1+
1/2-1/2

[Event "Excelsior February op"]
[Site "Toronto CAN"]
[Date "2023.02.05"]
[Round "5.6"]
[White "Lu, Tony"]
[Black "Joseph Benher, Savio"]
[Result "1-0"]
[WhiteElo "2043"]
[BlackElo "2138"]
[PlyCount "97"]
[EventDate "2023.02.03"]
[EventType "swiss"]
[EventRounds "5"]
[EventCountry "CAN"]

1. e4 e6 2. d4 d5 3. e5 c5 4. c3 Nc6 5. Nf3 Bd7 6. Be2 cxd4 7. cxd4 Nge7 8. Na3
Nf5 9. Nc2 Rc8 10. O-O Qb6 11. b3 Nb4 12. Ne3 Nxe3 13. fxe3 Be7 14. Bd2 O-O 15.
Bxb4 Qxb4 16. Ne1 Qc3 17. Rf3 Bg5 18. Nd3 Bxe3+ 19. Rxe3 Qxd4 20. Kf2 f6 21.
Bf3 Bb5 22. Ne1 Qb6 23. exf6 Rxf6 24. Rc1 Rxc1 25. Qxc1 e5 26. a4 Bc6 27. a5
Qd4 28. Kg1 e4 29. Be2 Qe5 30. Nf3 Qf4 31. Nd4 Qf2+ 32. Kh1 Bd7 33. Qg1 Qf4 34.
g3 Qe5 35. Rc3 Qd6 36. Nc2 Qe5 37. Qd4 Qg5 38. Kg2 Qf5 39. Qxa7 Qh3+ 40. Kg1
Bg4 41. Qe3 Bf3 42. Bxf3 Rxf3 43. Qe1 Rf8 44. Rc5 Qd7 45. Qd2 Rd8 46. Qd4 Qg4
47. Rxd5 Rf8 48. Rd8 Qe2 49. Qd5+ 1-0

[Event "Excelsior February op"]
[Site "Toronto CAN"]
[Date "2023.02.05"]
[Round "5.7"]
[White "D'Souza, Carina"]
[Black "Oancea, Nicolae"]
[Result "1-0"]
[WhiteElo "1915"]
[BlackElo "2069"]
[PlyCount "94"]
[EventDate "2023.02.03"]
[EventType "swiss"]
[EventRounds "5"]
[EventCountry "CAN"]

1. e4 g6 2. d4 Bg7 3. Nc3 e6 4. Be3 Ne7 5. Qd2 h6 6. O-O-O b6 7. d5 exd5 8.
Nxd5 Bb7 9. Bd4 Nxd5 10. Bxg7 Rh7 11. exd5 Rxg7 12. Qxh6 Kf8 13. h4 Kg8 14. Nf3
Na6 15. Qf4 d6 16. Ng5 Nc5 17. h5 f6 18. Ne4 g5 19. Qf3 Nxe4 20. Qxe4 Qe7 21.
Bd3 Qxe4 22. Bxe4 Re8 23. h6 Rge7 24. f3 Re5 25. g4 R8e7 26. h7+ Kh8 27. Rh6
Rf7 28. c4 Bc8 29. Rg1 Rf8 30. Kd2 Bd7 31. b3 a5 32. a4 Be8 33. Bf5 Kg7 34.
Rgh1 Rh8 35. Kd3 c6 36. dxc6 Bxc6 37. Rg6+ Kf7 38. Rhh6 Bxf3 39. Rxf6+ Ke7 40.
Rxd6 Re1 41. Rd7+ Kf8 42. Rxb6 Rd1+ 43. Ke3 Rxd7 44. Bxd7 Rxh7 45. Rb8+ Ke7 46.
Kxf3 Rh3+ 47. Kg2 Rc3 1-0

[Event "Excelsior February op"]
[Site "Toronto CAN"]
[Date "2023.02.05"]
[Round "5.8"]
[White "Qian, Eric"]
[Black "Singh Dhaliwal, Jaipreet"]
[Result "0-1"]
[WhiteElo "1949"]
[BlackElo "1629"]
[PlyCount "146"]
[EventDate "2023.02.03"]
[EventType "swiss"]
[EventRounds "5"]
[EventCountry "CAN"]

1. e4 e5 2. Nf3 Nf6 3. Nxe5 d6 4. Nf3 Nxe4 5. d4 d5 6. Bd3 Be7 7. O-O O-O 8.
Re1 Nf6 9. Nbd2 Bg4 10. Nf1 Nc6 11. c3 Re8 12. Bg5 Ne4 13. Bxe7 Rxe7 14. Ne3
Bh5 15. Nf5 Re8 16. h3 Qd7 17. Ne3 Kh8 18. Be2 f5 19. Qb3 Bxf3 20. Bxf3 Ne7 21.
Rad1 c6 22. c4 Red8 23. Be2 a6 24. Nf1 Ng8 25. f3 Nef6 26. Bd3 f4 27. Qc2 Rf8
28. Re5 dxc4 29. Bxc4 Ne7 30. Be6 Qd8 31. Qb3 Qc7 32. Rde1 Ng6 33. R5e2 Rad8
34. Qc3 Qb6 35. Rd2 Rfe8 36. Ree2 Nf8 37. Bc4 Rxe2 38. Bxe2 Ne6 39. Bc4 Rxd4
40. Kh1 Rxd2 41. Qxd2 c5 42. Bxe6 Qxe6 43. Qxf4 Qc8 44. Ne3 Qe8 45. Nf5 Qf8 46.
Qc7 b5 47. Nd6 c4 48. a4 Nd5 49. Qd7 Nb6 50. Qb7 Qxd6 51. Qxa6 Qd1+ 52. Kh2
Qd6+ 53. Kh1 bxa4 54. Qb5 Qd1+ 55. Kh2 Qd6+ 56. Kh1 Qe6 57. Qc5 h6 58. Qf8+ Kh7
59. Qb4 Qc6 60. Qe7 Nc8 61. Qe5 Nd6 62. h4 a3 63. Qc3 axb2 64. Qxb2 Qd5 65.
Qc2+ Qd3 66. Qc1 c3 67. Kh2 Qd2 68. Qa1 c2 69. Qe5 c1=Q 70. h5 Qf4+ 71. Qxf4
Qxf4+ 72. Kg1 Nf5 73. Kf2 Qe3+ 0-1

[Event "Excelsior February op"]
[Site "Toronto CAN"]
[Date "2023.02.05"]
[Round "5.9"]
[White "Gavrileva, Anna"]
[Black "Laughlin, Braden"]
[Result "1/2-1/2"]
[WhiteElo "1301"]
[BlackElo "1948"]
[PlyCount "66"]
[EventDate "2023.02.03"]
[EventType "swiss"]
[EventRounds "5"]
[EventCountry "CAN"]

1. d4 e6 2. Bf4 c5 3. c3 Qb6 4. Qd2 cxd4 5. cxd4 Nf6 6. a3 Nc6 7. e3 g5 8. Bg3
h5 9. h3 Ne4 10. Qc2 Nxg3 11. fxg3 Qc7 12. Qf2 Nxd4 13. Nc3 Nf5 14. Nge2 a6 15.
Rc1 Qe5 16. e4 Bc5 17. Qf3 Nd4 18. Nxd4 Bxd4 19. Bd3 b5 20. Rf1 Rh7 21. Kd2
Bxc3+ 22. Rxc3 Bb7 23. Qe3 Bc6 24. Kc1 Rc8 25. Kb1 Bb7 26. Rfc1 Rxc3 27. Rxc3
g4 28. Rc5 Qb8 29. Rg5 Rh8 30. Qd4 Rf8 31. Qe3 Rh8 32. Qd4 Rf8 33. Qe3 Rh8
1/2-1/2

[Event "Excelsior February op"]
[Site "Toronto CAN"]
[Date "2023.02.05"]
[Round "5.10"]
[White "Yang, Lefan"]
[Black "Moses, Neil"]
[Result "1-0"]
[WhiteElo "1812"]
[BlackElo "1983"]
[PlyCount "71"]
[EventDate "2023.02.03"]
[EventType "swiss"]
[EventRounds "5"]
[EventCountry "CAN"]

1. d4 Nf6 2. c4 e6 3. Nc3 Bb4 4. e3 O-O 5. Nge2 Bxc3+ 6. Nxc3 d5 7. cxd5 exd5
8. Bd3 Re8 9. O-O b6 10. b4 a5 11. b5 Bb7 12. a4 c5 13. bxc6 Nxc6 14. Ba3 Ba6
15. Nb5 Na7 16. Nxa7 Rxa7 17. Bxa6 Rxa6 18. Qd3 Ra8 19. Rab1 Qd7 20. Qb5 Qxb5
21. Rxb5 Rac8 22. Rxb6 Rc4 23. Ra6 Rxa4 24. Bd6 Re6 25. Ra8+ Re8 26. Ra7 Ne4
27. Bc7 Nd2 28. Rc1 Nc4 29. e4 dxe4 30. d5 f5 31. d6 Ne5 32. Bb6 Nf7 33. d7 Rf8
34. g3 Ra2 35. Rc8 h6 36. Raa8 1-0

[Event "Excelsior February op"]
[Site "Toronto CAN"]
[Date "2023.02.05"]
[Round "5.11"]
[White "Deepak, Laksshana"]
[Black "Sirkovich, Daniel"]
[Result "1/2-1/2"]
[WhiteElo "1638"]
[BlackElo "1711"]
[PlyCount "83"]
[EventDate "2023.02.03"]
[EventType "swiss"]
[EventRounds "5"]
[EventCountry "CAN"]

1. e4 c6 2. d4 d5 3. exd5 cxd5 4. c4 Nf6 5. Nf3 g6 6. Nc3 Bg7 7. Bd3 O-O 8. h3
Nc6 9. Be3 Nb4 10. Be2 Bf5 11. O-O Nc2 12. Rc1 Nxe3 13. fxe3 Bh6 14. Qd2 Ne4
15. Nxe4 Bxe4 16. cxd5 Bxd5 17. Bc4 Rc8 18. Ne5 Bxc4 19. Nxc4 Qd5 20. b3 Rcd8
21. Rcd1 Qe4 22. Qd3 Qxd3 23. Rxd3 Bg7 24. Rfd1 f5 25. d5 Rd7 26. a4 b6 27. Kf2
Rfd8 28. R1d2 e5 29. d6 Kf7 30. Rd5 Ke6 31. g4 e4 32. Kg3 Rf8 33. g5 Rc8 34. a5
bxa5 35. Nxa5 Be5+ 36. Kf2 Rxd6 37. Rxd6+ Bxd6 38. Nc4 Bb4 39. Ra2 Rc7 40. Ra6+
Ke7 41. Ne5 Bd6 42. Nc4 1/2-1/2

[Event "Excelsior February op"]
[Site "Toronto CAN"]
[Date "2023.02.05"]
[Round "5.12"]
[White "Brajkovic, Nikola"]
[Black "Kim, Noah"]
[Result "0-1"]
[WhiteElo "1919"]
[BlackElo "2090"]
[PlyCount "114"]
[EventDate "2023.02.03"]
[EventType "swiss"]
[EventRounds "5"]
[EventCountry "CAN"]

1. e4 c6 2. Nf3 d5 3. exd5 cxd5 4. d4 Nc6 5. h3 Nf6 6. Bd3 g6 7. Be3 Bg7 8. O-O
O-O 9. a3 Bf5 10. Bxf5 gxf5 11. Nc3 Rc8 12. Ne2 e6 13. c3 b5 14. Qd3 a6 15.
Rab1 Kh8 16. Bg5 Qc7 17. Bf4 Qb7 18. Qe3 a5 19. Ne5 Rg8 20. f3 Nxe5 21. Bxe5
Nd7 22. Bxg7+ Rxg7 23. Kh1 Nb6 24. Nf4 Nc4 25. Qe1 Qc7 26. Nd3 Rg3 27. Rf2 f4
28. Qe2 Rcg8 29. Re1 Ne3 30. Nxf4 Nxg2 31. Rxg2 Qxf4 32. Rxg3 Rxg3 33. Qe5+
Qxe5 34. Rxe5 Rxf3 35. Kg2 Rf6 36. Re2 Kg7 37. Re1 Rg6+ 38. Kf2 Kf6 39. a4 Rg8
40. Ra1 Rb8 41. axb5 Rxb5 42. Rb1 Rb3 43. Ke3 a4 44. Kd3 a3 45. Rf1+ Ke7 46.
bxa3 Rxa3 47. Rf4 Ra8 48. Rh4 Rh8 49. c4 dxc4+ 50. Kxc4 Kf6 51. Rf4+ Kg6 52.
Rg4+ Kf5 53. Rg7 f6 54. d5 exd5+ 55. Kxd5 Rd8+ 56. Kc4 h5 57. Rg1 Rd2 0-1

[Event "Excelsior February op"]
[Site "Toronto CAN"]
[Date "2023.02.05"]
[Round "5.13"]
[White "Zhong, April"]
[Black "Zhong, Ryan Yunhui"]
[Result "1-0"]
[WhiteElo "1666"]
[BlackElo "2032"]
[PlyCount "210"]
[EventDate "2023.02.03"]
[EventType "swiss"]
[EventRounds "5"]
[EventCountry "CAN"]

1. e4 e6 2. d4 d5 3. Nd2 c5 4. exd5 Qxd5 5. Ngf3 cxd4 6. Bc4 Qd6 7. O-O Nf6 8.
Nb3 Nc6 9. Nbxd4 Nxd4 10. Nxd4 Be7 11. c3 O-O 12. Qf3 Qc7 13. Bb3 Bd7 14. Bg5
a5 15. a4 Rfb8 16. Rfe1 Qc5 17. Bf4 Bd6 18. Qg3 Bxf4 19. Qxf4 Qh5 20. Re5 Qg4
21. Qe3 Qh4 22. Nf3 Qg4 23. h3 Qg6 24. Rg5 Qe4 25. Qxe4 Nxe4 26. Re5 Nf6 27.
Bc4 Bc6 28. Nd4 Nd7 29. Re2 e5 30. Nb5 Nb6 31. Bb3 Bxb5 32. axb5 a4 33. Ba2 Re8
34. Rae1 a3 35. bxa3 Rxa3 36. Rxe5 Rxe5 37. Rxe5 Kf8 38. Bd5 f6 39. Rf5 Nxd5
40. Rxd5 Ke7 41. Rc5 Kd6 42. Rc8 Rb3 43. c4 Rc3 44. b6 g5 45. Rc7 h5 46. Kf1 h4
47. Ke2 Rb3 48. Rxb7 Kc5 49. Rb8 Kc6 50. b7 Rb4 51. Rf8 Kxb7 52. Rxf6 Rxc4 53.
Rf5 g4 54. hxg4 Rxg4 55. Kf3 Rg8 56. Rh5 Rf8+ 57. Ke2 Rg8 58. Rxh4 Rxg2 59. Kf3
Rg8 60. Ke3 Kc7 61. Rd4 Re8+ 62. Re4 Rf8 63. f4 Kd7 64. Re5 Rf7 65. Ke4 Kd6 66.
Rd5+ Ke6 67. f5+ Kf6 68. Rd6+ Ke7 69. Re6+ Kf8 70. Ke5 Re7 71. Kf6 Rf7+ 72. Kg6
Rg7+ 73. Kh6 Rg1 74. Rg6 Rh1+ 75. Kg5 Rg1+ 76. Kf6 Ra1 77. Rg4 Ra7 78. Rd4 Ra6+
79. Kg5 Ra5 80. Kg6 Ra1 81. Rd6 Ke7 82. Re6+ Kf8 83. Kf6 Rh1 84. Re3 Rh6+ 85.
Kg5 Rh1 86. Rb3 Kf7 87. Rb7+ Kf8 88. Kg6 Ra1 89. Rf7+ Ke8 90. Kf6 Ra2 91. Rb7
Rg2 92. Rb8+ Kd7 93. Kf7 Rg1 94. f6 Rg2 95. Rg8 Rf2 96. Rg6 Rf1 97. Kf8 Ke6 98.
f7+ Kd7 99. Kg8 Ke7 100. Rg7 Rxf7 101. Rxf7+ Ke8 102. Ra7 Kd8 103. Kf7 Kc8 104.
Ke6 Kd8 105. Rh7 Ke8 1-0

[Event "Excelsior February op"]
[Site "Toronto CAN"]
[Date "2023.02.05"]
[Round "5.14"]
[White "Engel, Ethan"]
[Black "Qian, Ashley"]
[Result "1-0"]
[WhiteElo "1725"]
[BlackElo "1817"]
[PlyCount "157"]
[EventDate "2023.02.03"]
[EventType "swiss"]
[EventRounds "5"]
[EventCountry "CAN"]

1. Nf3 d5 2. d4 Nf6 3. c4 e6 4. Nc3 Be7 5. Bg5 h6 6. Bh4 O-O 7. e3 b6 8. cxd5
exd5 9. Bd3 Re8 10. O-O Bb7 11. Rc1 Nbd7 12. Bg3 c6 13. a3 a5 14. Qe2 Rc8 15.
h3 Bf8 16. Rc2 c5 17. Bb5 c4 18. Rfc1 Bc6 19. Bxc6 Rxc6 20. Nb5 Ne4 21. Bh2 Bd6
22. Bxd6 Nxd6 23. Nc3 Nf6 24. Ne5 Rc8 25. a4 Nde4 26. Nb5 Nd7 27. Nf3 Rb8 28.
Nd2 Nxd2 29. Qxd2 Nf6 30. f3 Qd7 31. Rc3 Re7 32. b3 cxb3 33. Rxb3 Qe6 34. Rbc3
Qf5 35. Qd3 Qg5 36. Rc8+ Re8 37. Nd6 Rd8 38. Rxb8 Rxb8 39. Rc8+ Rxc8 40. Nxc8
Nd7 41. Nd6 Qe7 42. Nb5 Qb4 43. Qc2 Qe1+ 44. Kh2 Qxe3 45. Qc8+ Nf8 46. Qf5 Qe6
47. Qh5 Nd7 48. Qh4 Nf6 49. Qf4 Kh7 50. Qd6 Qxd6+ 51. Nxd6 Kg6 52. Nc8 Nd7 53.
Ne7+ Kf6 54. Nxd5+ Ke6 55. Nc7+ Ke7 56. Kg3 Nf6 57. Kf4 Kd6 58. Nb5+ Kd5 59.
Ke3 Kc4 60. Nd6+ Kb4 61. Nc8 Kxa4 62. Nxb6+ Kb4 63. Kd3 a4 64. Nxa4 Kxa4 65.
Kc4 Ka3 66. d5 Nd7 67. Kb5 Kb3 68. d6 Kc3 69. Kc6 Ne5+ 70. Kd5 f6 71. f4 Nd7
72. Ke6 Nc5+ 73. Kf7 g5 74. f5 Kd4 75. Kxf6 Kd5 76. Ke7 Ke5 77. f6 Ne6 78. f7
h5 79. d7 1-0

[Event "Excelsior IM Norm qual."]
[Site "Toronto CAN"]
[Date "2023.03.13"]
[Round "1.2"]
[White "Zhu, Matthew"]
[Black "Marchand, Calix"]
[Result "1/2-1/2"]
[WhiteElo "1773"]
[BlackElo "1708"]
[PlyCount "73"]
[EventDate "2023.03.13"]
[EventType "tourn"]
[EventRounds "7"]
[EventCountry "CAN"]

1. e4 c5 2. Nf3 e6 3. d4 cxd4 4. Nxd4 Nf6 5. Nc3 Nc6 6. Ndb5 Bb4 7. a3 Bxc3+ 8.
Nxc3 d5 9. exd5 exd5 10. Bd3 O-O 11. O-O d4 12. Ne2 Bg4 13. f3 Bh5 14. Bg5 Re8
15. Ng3 Bg6 16. f4 Bxd3 17. Qxd3 Qd6 18. Nf5 Qe6 19. Rae1 Qxe1 20. Rxe1 Rxe1+
21. Kf2 Re6 22. Bxf6 Rxf6 23. g3 Rd8 24. b4 g6 25. Nh6+ Kg7 26. Ng4 Rf5 27. b5
Na5 28. c3 h5 29. Ne5 Nb3 30. Qd1 f6 31. Nf3 Rxb5 32. Qe2 Rbd5 33. Qe7+ Kg8 34.
Qe6+ Kg7 35. Qe7+ Kg8 36. Qe6+ Kg7 37. Qe7+ 1/2-1/2

[Event "Excelsior IM Norm qual."]
[Site "Toronto CAN"]
[Date "2023.03.13"]
[Round "1.3"]
[White "Clyde, Jordan"]
[Black "Huh, Isaak"]
[Result "1-0"]
[WhiteElo "2114"]
[BlackElo "1801"]
[PlyCount "125"]
[EventDate "2023.03.13"]
[EventType "tourn"]
[EventRounds "7"]
[EventCountry "CAN"]

1. b3 d5 2. Bb2 Nf6 3. e3 e6 4. f4 b6 5. Nf3 Bb7 6. Ne5 Nbd7 7. Bb5 c5 8. f5
exf5 9. Qf3 a6 10. Nxd7 Nxd7 11. Bd3 Nf6 12. Qxf5 Be7 13. O-O Bc8 14. Qg5 O-O
15. Be5 h6 16. Qg3 b5 17. Nc3 c4 18. Be2 Be6 19. e4 Kh7 20. Kh1 Ra7 21. exd5
Bxd5 22. bxc4 Bxc4 23. Bxc4 bxc4 24. Ne4 Rd7 25. Bxf6 Bxf6 26. Rxf6 gxf6 27.
Qf4 Kg7 28. Qg4+ Kh8 29. Qf4 Kg7 30. Rf1 Rd5 31. Qg4+ Rg5 32. Nxg5 hxg5 33.
Qxc4 Qd6 34. Qc3 Rh8 35. g3 Rh6 36. d4 Qd5+ 37. Kg1 Qxa2 38. Ra1 Qe6 39. Qd3
Qb6 40. Rxa6 Qb1+ 41. Kg2 Qb7+ 42. d5 Qc8 43. Qe2 Qc5 44. c4 Qc8 45. Ra2 Qc5
46. Rd2 Rh8 47. Qe4 Rb8 48. Qd4 Rc8 49. Rc2 Qd6 50. Rf2 Rc5 51. Rb2 Qc7 52. Rf2
Qd6 53. Rf5 Kg8 54. h4 gxh4 55. Qxh4 Ra5 56. Rxf6 Ra2+ 57. Kh3 Qe5 58. Rf4 Qd6
59. Rg4+ Kf8 60. Qh8+ Ke7 61. Re4+ Kd7 62. Qe8+ Kc7 63. Re7+ 1-0

[Event "Excelsior IM Norm qual."]
[Site "Toronto CAN"]
[Date "2023.03.13"]
[Round "1.4"]
[White "Zhong, Ryan Yunhui"]
[Black "Kim, Noah"]
[Result "1-0"]
[WhiteElo "1636"]
[BlackElo "1748"]
[PlyCount "87"]
[EventDate "2023.03.13"]
[EventType "tourn"]
[EventRounds "7"]
[EventCountry "CAN"]

1. e4 c6 2. d4 d5 3. Nc3 dxe4 4. Nxe4 Nf6 5. Nxf6+ exf6 6. c3 Bf5 7. Bd3 Bxd3
8. Qxd3 Bd6 9. Ne2 O-O 10. O-O Re8 11. g3 Nd7 12. Bf4 Nf8 13. Rfe1 Ng6 14. Qf3
Re7 15. Bxd6 Qxd6 16. Nf4 Nxf4 17. Qxf4 Qxf4 18. gxf4 Rae8 19. Rxe7 Rxe7 20.
Kf1 Kf8 21. Re1 Rd7 22. Ke2 c5 23. dxc5 Rd5 24. b4 Ke7 25. Rd1 Rh5 26. c4 Rf5
27. Ke3 g5 28. Rd4 a5 29. a3 a4 30. fxg5 fxg5 31. Rd6 Rf4 32. Rb6 Rxc4 33.
Rxb7+ Ke6 34. Kd3 Rf4 35. c6 Kd6 36. b5 Rf3+ 37. Kc2 Rxf2+ 38. Kc3 Rf1 39. Rd7+
Ke5 40. Kb4 f5 41. b6 f4 42. b7 Rb1+ 43. Ka5 f3 44. Rd2 1-0